[Event "RUS-chT"]
[Site "Dagomys"]
[Date "2008.04.12"]
[Round "10"]
[White "Lastin, Alexander"]
[Black "Krasenkow, Michal"]
[Result "0-1"]
[WhiteElo "2621"]
[BlackElo "2624"]
[Annotator "Krasenkow,M"]
[PlyCount "52"]
[EventDate "2008.04.02"]
[EventType "team"]
[EventRounds "11"]
[EventCountry "RUS"]
[SourceTitle "CBM 124"]
[Source "ChessBase"]
[SourceDate "2008.05.28"]
[SourceVersion "1"]
[SourceVersionDate "2008.05.28"]
[SourceQuality "1"]
[WhiteTeam "Buryatia Shatar"]
[BlackTeam "Moscow ShSM-64"]
[WhiteTeamCountry "RUS"]
[BlackTeamCountry "RUS"]

1. e4 c5 2. Nf3 e6 3. c3 d5 4. exd5 Qxd5 5. d4 Nf6 6. Na3 Nc6 7. Nb5 Qd8 8.
dxc5 Bxc5 9. Qxd8+ Kxd8 {I had played this line three years earlier against GM
V.Nevednichy but GM A.Lastin somehow missed that game during his preparation.
I was amazed to see him committing the same mistakes as the Romanian player.}
10. b4 $6 (10. Bg5 {or}) (10. Bf4 {are better options.}) 10... Bb6 11. Nd6 (11.
Bg5 $5) 11... Ke7 12. Nc4 (12. Nxc8+ Rhxc8 {gives Black a huge development
advantage.}) 12... Ne4 $1 {[%mdl 32]} 13. Nxb6 axb6 {So, White has got an
advantage of a bishop pair. But at what cost? Black is well ahead in
development, his a8 rook has got an open file. At the moment White's c3 pawn
is hanging and White has no comfortable way to protect it.} 14. Bb2 $6 {
Converting this bishop into a big pawn.} (14. b5 {weakens the dark squares but
that may be a better choice, e.g.} Nb8 (14... Na5 {leaves this knight out of
play, e.g.} 15. Ba3+ Nc5 16. O-O-O f6 17. Nd2 Kf7 18. f4 Rd8 19. Be2 $13 {
1-0 Amann,K-Merrifield,D/Chessfriend.com 2003/Telechess CBM 95 (43)}) 15. a4 (
15. Bd3 $5) 15... Nd7 16. Nd2 Nxd2 17. Kxd2 Rd8 18. Kc2 Nc5 19. Be3 Ra5 20. Be2
e5 21. Bxc5+ bxc5 22. Rhd1 {1/2-1/2 Grekh,A-Kononenko,D/Odessa UKR 2008/The
Week in Chess 697 (48)}) (14. a3 $143 f6 15. Be3 Nxc3 16. Bxb6 Na4 (16... Kf7
$1 $17 {[%cal Rc6b4]}) 17. Be3 e5 18. Rc1 Bd7 19. Be2 Rhc8 20. O-O $11 {
1-0 Biro,S-Mueller,R/Bad Wiessee 2007/CBM 121 Extra (61)}) 14... Rd8 $1 {
The most energetic move preventing 15.Bd3.} (14... f6 {was played in the
above-mentioned game Nevednichy-Krasenkow. Black did achieve the better
prospects but his way to a win was very long:} 15. Bd3 (15. Nd4 $5) 15... Nd6
16. O-O e5 17. a3 Be6 18. Nd2 Rhd8 19. Be2 Rd7 20. Rfe1 b5 21. h3 Kf7 22. Rad1
Rad8 23. Bf3 Ne7 $17 {0-1 Nevednichy,V-Krasenkow,M/Warsaw 2005/CBM 108 (38)}) (
14... e5 {brought black a spectacular win in the following game after} 15. Bd3
({but} 15. b5 Na5 16. Nxe5 {should be checked}) 15... Nd6 16. b5 e4 17. bxc6
exd3 18. Ne5 bxc6 19. Nxc6+ Kf6 20. c4+ Kg5 21. h4+ Kh5 $17 {0-1 Schmidt,
R-Balogh,C/Dos Hermanas 2003/EXT 2004 (52)}) (14... Nd6 {is possible, too:} 15.
a4 (15. b5 $142 $5) 15... f6 16. b5 Na5 17. Ba3 Nb3 18. Ra2 Nc5 19. Bxc5 bxc5
20. a5 e5 21. Nd2 Be6 22. Ra1 c4 $17 {0-1 Petukhov,D-Tihonov,J/Minsk 2006/CBM
113 ext (46)}) 15. a3 (15. Bc4 e5 $5 {[%cal Yc8e6]}) (15. a4 f6 16. Be2 e5 $17)
(15. Nd4 $5 {is probably a lesser evil although, instead of trading the
knights on d4 (after which White gets good chances to survive), Black can try}
e5 $5) 15... f6 {[%cal Ye6e5] To develop the bishop and restrict White's
pieces.} 16. c4 $6 {White has an unpleasant choice: either to complete his
development but allow the blockade of his queenside pawns or avoid the
blockade (with the text move) but then he will be unable to develop his pieces.
} (16. a4 {is illogical but it was played in the following game (with the move
order 14.a3 f6 15.Bb2 Rd8):} e5 17. Be2 Be6 18. O-O Bb3 19. Ra3 Bc2 20. Rc1 Bd3
21. Kf1 g5 22. Re1 Bxe2+ 23. Rxe2 Rd1+ 24. Re1 Rxe1+ 25. Kxe1 Rd8 $17 {0-1
Pedersen,N-Markowski,T/Bled 2002/EXT 2003 (40)}) (16. Be2 e5 17. O-O {, i.e.
the first of the above-mentioned options, was tested in practice several times:
} Be6 18. Rfd1 Bb3 (18... Rxd1+ 19. Rxd1 Nd6 20. Nd2 b5 21. Ra1 Rd8 22. Bc1 Nc4
23. Nf1 Bf5 24. Bxc4 bxc4 25. a4 Rd3 26. Bd2 $15 {1/2-1/2 Malaniuk,V-Veingold,
A/Sverdlovsk 1984/EXT 1999 (33)}) (18... Nd6 $5 19. Nd2 b5) 19. Rxd8 (19. Rd3
Nd6 20. Re1 Be6 21. Rdd1 Nc4 22. Bxc4 Bxc4 23. Nd4 Kf7 24. Nf5 $6 (24. Nxc6
$142) 24... Bb3 25. Ra1 Rd3 26. Ne3 b5 27. Re2 Rad8 {0-1 Castro Rojas,
O-Sosonko,G/Sao Paulo 1978/MCL (39)}) (19. Rdc1 Nd2 20. c4 e4 21. Ne1 Ba4 22.
Rc3 Nd4 23. Re3 Nf5 24. Rh3 h6 25. g4 Nd4 26. Re3 Kf7 27. Bxd4 Rxd4 28. Rc3 Nb3
29. Rd1 Rxd1 30. Bxd1 Nd4 31. Rc1 Ke6 32. Kg2 Bxd1 33. Rxd1 Ke5 $19 {0-1 Moser,
E-Horvath,P/Linz 1999/EXT 2002 (66)}) 19... Rxd8 20. Kf1 g5 21. h3 (21. Ke1 h5
22. c4 Ke6 23. Rc1 g4 24. Nh4 Rd2 25. Ba1 Ra2 {0-1 Biro,S-Horvath,P/Budapest
2001/CBM 084 ext (48)}) 21... h5 22. Ke1 Ke6 (22... g4 23. hxg4 hxg4 24. Nh4)
23. Nh2 h4 24. Nf1 f5 25. a4 Ne7 26. Ra3 Bc2 27. Bc4+ Kf6 28. Ne3 Bd3 29. Ba2
$15 {1/2-1/2 Gorelov,S-Magerramov,E/Uzhgorod 1988/TD (73)}) (16. Nd4 e5 $5)
16... e5 17. Be2 Be6 {Preventing both castling and 18.Rd1.} ({Another tempting
option was} 17... Bg4 $5 $17 18. Rd1 $140 Rxd1+ 19. Bxd1 Rd8) 18. Rc1 ({Alas,} 
18. O-O $2 Nd2 {leads to material losses.}) (18. h4 $5 {, preventing 18...g5,
deserved attention. White's position remains ugly but he managed to survive in
the following game:} g6 (18... Rd7 19. Rc1 Rad8 20. O-O Nd2 21. Rfe1) (18...
Bg4 $5) 19. Rc1 Rd7 20. O-O Rad8 21. Rfe1 Nd2 22. Bc3 Nb3 23. Rb1 Ncd4 24. Nxd4
Nxd4 25. c5 Nc2 26. Rec1 Nxa3 27. Ra1 Nc4 28. Bxc4 Bxc4 29. Bxe5 fxe5 30. Rxc4
Rd1+ 31. Rxd1 Rxd1+ 32. Kh2 Rd4 33. c6 $1 bxc6 34. Rxc6 Rxh4+ 35. Kg3 Rxb4 36.
Rc7+ Kf6 37. Rxh7 {1/2-1/2 Van Mil,J-Gurevich,D/Groningen 1988/EXT 1997 (50)})
18... g5 {[%cal Rg5g4] A simple plan: to push the f3 knight away and invade to
d2.} 19. h3 h5 20. Rc2 $2 (20. g4 $1 {was necessary, although Black maintained
good winning chances after} hxg4 (20... h4 21. O-O Nd2 22. Rfe1) 21. hxg4 Rh8
22. Rxh8 (22. Rg1 Rh3 $1 $17) 22... Rxh8 23. Nd2 $1 {(the pointe)} Rh1+ 24. Nf1
Rg1 25. f3 Ng3 26. Bd3 e4 $1 (26... Rg2 $143 27. Bc3) 27. fxe4 Nxf1 28. Kf2
Rxg4 29. Rxf1 Rh4) 20... Bf5 {[%cal Re4f2]} 21. Rc1 {It is only here that the
game deviates from its predecessor:} (21. Bd1 Rd7 22. Re2 (22. O-O Rad8 23. Rc1
g4) 22... Nd6 $1 23. Nd2 Rad8 24. Bb3 Bd3 25. Re3 Nf5 26. Rf3 Nh4 27. Rg3 Bc2
28. Bxc2 Rxd2 29. Rc3 Nxg2+ 30. Kf1 Nf4 {0-1 Finkel,A-Oratovsky,M/Cannes 1996/
EXT 1998}) 21... g4 22. hxg4 hxg4 23. Nh4 Be6 24. Bd1 $2 {A blunder in a poor
position.} (24. Rd1 g3 $1 $19) (24. f3 $142 {; however, it was hopeless enough:
} Ng3 (24... Rd2 $5 25. Bxe5 $5 $17) 25. Rg1 Nxe2 26. Kxe2 Nd4+ (26... g3 $5 {
[%csl Rh4]}) 27. Ke3 Rac8 {and Black wins material.}) 24... Nxf2 $1 {[%mdl 64]}
25. Kxf2 Rd2+ 26. Be2 Rxb2 0-1

[Event "Grenke Chess Classic 6th"]
[Site "Karlsruhe/Baden Baden"]
[Date "2019.04.28"]
[Round "8"]
[White "Vachier Lagrave, Maxime"]
[Black "Keymer, Vincent"]
[Result "1-0"]
[WhiteElo "2773"]
[BlackElo "2516"]
[Annotator "Krasenkow,M"]
[PlyCount "97"]
[EventDate "2019.04.20"]
[EventType "tourn"]
[EventRounds "9"]
[EventCountry "GER"]
[EventCategory "19"]
[SourceTitle "CBM 190"]
[Source "ChessBase"]
[SourceDate "2019.06.30"]
[SourceVersion "1"]
[SourceVersionDate "2019.06.30"]
[SourceQuality "1"]

{[%evp 0,97,27,14,51,18,16,15,4,9,14,-9,-3,0,-4,-6,5,19,18,18,18,18,8,16,12,12,
23,11,10,24,24,22,22,21,21,31,47,25,25,65,39,41,36,43,43,14,4,0,0,4,19,-3,15,9,
15,0,3,11,12,20,23,-3,23,-11,21,-16,-1,3,5,0,0,0,0,0,104,91,91,100,122,120,125,
125,125,121,121,121,121,121,121,121,121,121,363,386,452,475,471,471,476,337]} 
1. e4 c5 2. c3 Nf6 3. e5 Nd5 4. Nf3 Nc6 5. Bc4 Nb6 6. Bb3 d5 7. exd6 Qxd6 8.
O-O Be6 9. Na3 Bxb3 10. axb3 Qd3 $1 11. Re1 e6 12. Re3 Qd7 13. Nc4 {This line
was examined in Chessbase Magazine several times, e.g. in CBM 103, annotations
to Sveshnikov-Kulaots by GM D.Rogozenko.} Nxc4 (13... Nd5 $5 14. Re1 Be7 15. d4
(15. Nce5 Nxe5 16. Nxe5 Qc7 17. b4 $5 cxb4 (17... O-O $143 18. bxc5 Bxc5 19. d4
Bd6 20. Qg4 Rfe8 21. h4 $36 {1-0 (80) Karalkin,M (2287)-Lintchevski,D (2449)
St Petersburg 2007}) 18. Qa4+ Kf8 19. c4 $5 Nb6 20. Qa5 f6 21. Nf3 {0-1 (41)
Sveshnikov,E (2508)-Kulaots,K (2593) Liepaja 2004 CBM 103 [Rogozenco,D]} Qc5 $1
22. Qxc5 Bxc5 23. d4 Be7 24. b3 Kf7 $17) 15... cxd4 16. Nxd4 (16. Nfe5 Qc7 17.
Nxc6 Qxc6 18. Qxd4 O-O $11 {1-0 (45) Finkel,A (2485)-Tsesarsky,I (2442) Eilat
2001 CBM 086 [Tsesarsky,I]}) 16... O-O 17. Nxc6 Qxc6 18. Ne5 Qc7 $11 19. Ra4 b5
20. Rg4 Bf6 21. Nf3 Rfd8 22. Qe2 Qc6 23. h4 b4 24. c4 Ne7 $13 {1-0 (55)
Zvjaginsev,V (2653)-Huzman,A (2569) Yerevan 2014}) 14. bxc4 Be7 (14... Rd8 15.
b3 (15. Qa4 Be7 16. Rb1 O-O 17. b4 b6 (17... cxb4 18. cxb4 Ne5 $11) 18. bxc5
Bxc5 $1 19. Re1 e5 20. Ba3 Bxa3 21. Qxa3 Rfe8 22. d4 {1/2 Sveshnikov,
E-Rytshagov,M/Tallinn 2002}) (15. d4 cxd4 (15... Be7 16. Rd3 $11 (16. Qe2 cxd4
17. cxd4 $2 Nxd4 $17 {0-1 (33) Christiansen,L (2550)-Seirawan,Y (2630)
Chandler 1997})) 16. Rd3 e5 17. cxd4 exd4 18. Bd2 (18. Qe1+ Qe6 19. Bg5 Be7 $11
{1/2 (69) Puranik,A (2475)-Przedmojski,R (2337) Warsaw 2016}) 18... Be7 (18...
Bd6 $11) 19. b4 Qe6 (19... O-O $1 20. b5 Qf5 21. Qe2 Nb4 22. Rxd4 Bc5 $11) 20.
Qb3 f6 21. Re1 Ne5 22. Rxd4 $36 {1-0 (62) Smerdon,D (2519)-Cox,J (2361)
England 2015}) 15... Be7 16. Bb2 O-O 17. Qc2 Qc7 18. d4 cxd4 (18... Qb6 19. Re4
a6 20. Ba3 Rd7 21. dxc5 Bxc5 22. b4 Be7 23. Rae1 a5 $11 {1/2 (27) Dobrei,G 
(2491)-Winckelmann,T (2547) ICCF WS 2005}) 19. cxd4 Bf6 20. Rd1 Ne7 21. Qe2 b5
22. Ba3 bxc4 23. bxc4 Rfe8 24. d5 Nf5 25. Re4 Nd6 26. Bxd6 Rxd6 $11 {1-0 (48)
Shirov,A (2737)-Topalov,V (2735) Bastia 2003}) 15. d4 cxd4 16. cxd4 O-O 17. Rd3
(17. b3 Rfd8 18. Bb2 Bf6 19. Rd3 Nb4 20. Rd2 a5 21. Bc3 b5 $11 {1/2 (28)
Broniek,M (2264)-Noble,M (2422) Lechenicher SchachServer 2008}) 17... b5 (17...
Rfd8 $5 $11) 18. cxb5 Nb4 19. Ne5 Qxb5 20. Rh3 Nd5 $11 {Black has solved his
opening problems. White's activity, compensating his inferior pawn structure,
can only be enough for equality.} 21. Rb3 (21. Qh5 Nf6 22. Qh4 Rac8 23. Bg5
Qxb2 24. Rf1 Qc2) 21... Qe8 22. Rg3 f5 23. Qe2 Bf6 (23... a5 $5) 24. Rga3 Qe7
25. Nf3 Rfb8 26. Ra6 Rb6 27. Rxb6 Nxb6 28. Bf4 Rc8 29. g3 Qd7 30. Bg5 Rc7 31.
Re1 Kf7 32. h4 Rc6 $6 {White looks for his chances, and Black plays passively.}
(32... Qc8 33. h5 Rc2 $132) 33. h5 h6 34. Bxf6 gxf6 35. Nh4 Nd5 36. g4 Ne7 37.
Qe3 Rc8 $2 (37... fxg4 38. Qxh6 g3 $1 {was the only defence. White had nothing
better than a draw after} 39. Qh7+ Ke8 40. Qh8+ Kf7) 38. gxf5 Rg8+ 39. Kh2 Nxf5
40. Nxf5 exf5 41. Qb3+ $1 Kf8 42. Qb4+ Kf7 43. Qc4+ Kf8 44. Qc5+ Kf7 45. Ra1
Ra8 46. Ra6 Qe8 47. Qxf5 Qb8+ 48. Kh3 Qc8 49. Rxf6+ 1-0

[Event "EU-chT (Men) 11th"]
[Site "Pula"]
[Date "1997.05.??"]
[Round "5.1"]
[White "Magem Badals, Jordi"]
[Black "Krasenkow, Michal"]
[Result "0-1"]
[WhiteElo "2570"]
[BlackElo "2615"]
[Annotator "Krasenkow,M"]
[PlyCount "86"]
[EventDate "1997.05.05"]
[EventType "team-swiss"]
[EventRounds "9"]
[EventCountry "CRO"]
[SourceTitle "CBM 057 Extra"]
[Source "ChessBase"]
[SourceDate "1997.05.01"]
[SourceVersion "1"]
[SourceVersionDate "1997.05.01"]
[SourceQuality "1"]
[WhiteTeam "Spain"]
[BlackTeam "Poland"]
[WhiteTeamCountry "ESP"]
[BlackTeamCountry "POL"]

1. e4 c5 2. Nf3 Nc6 3. c3 e5 4. Bc4 Qc7 5. O-O Be7 6. Ng5 Nd8 $1 $146 (6...
Bxg5) 7. f4 (7. d3 h6 8. Nf3 Nf6 $11) 7... exf4 8. Nh3 $2 (8. Nf3 $44) 8... g5
$17 {xNh3} 9. d4 (9. Na3 a6 $5) (9. Qh5 h6) 9... cxd4 10. Bb3 (10. b3 $5) 10...
d3 $1 11. Nf2 Nf6 $6 (11... Bc5 $1 12. Kh1 Bxf2 $1 13. Rxf2 Nf6 14. Qxd3 Ng4
$17) 12. Nd2 $1 Ne6 (12... Bc5 13. e5 $1 Bxf2+ 14. Rxf2 Qxe5 15. Nf3 (15. Nc4
Qc5 16. Qe1+ Qe7) 15... Qc5 16. Nxg5 $1 Qxg5 17. Bxf4 $44) (12... Nc6 13. Nf3 {
/\14.Nd4}) 13. Nf3 $2 (13. Nxd3) 13... Bc5 $19 14. Qxd3 Qb6 15. Nd4 (15. Ne5
Bxf2+ $1 16. Rxf2 Nc5 17. Bxf7+ Ke7 18. Qd4 Ncxe4 19. Re2 d6 20. Bg6 Qxd4+ 21.
cxd4 hxg6 22. Nxg6+ Kf7 23. Nxh8+ Kg7 $19) 15... Nxd4 16. cxd4 Bxd4 17. Bd2 Ng4
18. Be1 Ne5 $6 (18... O-O) 19. Qc2 d6 20. Rd1 Be3 21. Bc3 (21. Rd5 Be6 22. Ba4+
Kf8 23. Rb5 Qa6) 21... O-O 22. Kh1 Be6 23. Nd3 Bxb3 24. axb3 Rac8 25. Qe2 Qxb3
26. Nb4 (26. Nxe5 dxe5 27. Qh5 (27. Bxe5 Qe6 $19) (27. Qg4 h6 28. Qh5 Qe6 $19)
27... f6 28. Rd7 Rf7 29. Rfd1 Bd4 $19) 26... Qe6 27. Nd5 f6 28. g3 Ng6 29. Qg2
Rf7 $5 30. gxf4 Bxf4 31. Nxf4 gxf4 32. Rxf4 Rc5 33. Rg4 (33. Rdf1 Rg5 34. Rxf6
Rxf6 35. Rxf6 Qxf6 36. Bxf6 Rxg2 37. Kxg2 Ne5 $19) 33... f5 $2 (33... Rg5 $1
$19) 34. exf5 Rcxf5 35. Rg1 $2 $138 (35. Rgd4 $1 d5 (35... Rf2 36. Rxd6 $15)
36. Rxd5 Rf1+ 37. Rxf1 Rxf1+ 38. Qxf1 Qxd5+ 39. Kg1 $17) 35... Rf2 36. Rxg6+ $2
(36. Qe4) 36... hxg6 37. Qxg6+ Qxg6 38. Rxg6+ Kf8 39. Rxd6 Rh7 40. Be5 Rh5 41.
Rf6+ Rxf6 42. Bxf6 a5 43. Kg2 b5 0-1

[Event "Linares 12th"]
[Site "Linares"]
[Date "1994.??.??"]
[Round "12"]
[White "Lautier, Joel"]
[Black "Polgar, Judit"]
[Result "1-0"]
[WhiteElo "2625"]
[BlackElo "2630"]
[Annotator "Lautier,J"]
[PlyCount "79"]
[EventDate "1994.02.??"]
[EventType "tourn"]
[EventRounds "13"]
[EventCountry "ESP"]
[EventCategory "18"]
[SourceTitle "CBM 040"]
[Source "ChessBase"]
[SourceDate "1994.06.01"]
[SourceVersion "1"]
[SourceVersionDate "1994.06.01"]
[SourceQuality "1"]

1. e4 c5 2. c3 d5 3. exd5 Qxd5 4. d4 Nc6 5. Nf3 Nf6 6. Be2 e6 7. O-O cxd4 8.
cxd4 Be7 9. Nc3 Qd6 10. Nb5 Qd8 11. Bf4 Nd5 12. Bg3 O-O 13. Bc4 a6 14. Bxd5
exd5 $6 15. Nc7 Ra7 16. Qb3 Bd6 17. Bxd6 Qxd6 18. Qb6 {/\ Ne5+-} f6 $8 19. Rac1
Rf7 (19... Bg4 20. Rc5 $1 Bxf3 21. gxf3 Rf7 (21... Qf4 $2 22. Rxc6 bxc6 23.
Qxa7 Qxf3 24. Rc1 $18) 22. Nxd5 a5 (22... Rd7 23. Qb3 Kh8 24. Nb6 Rd8 25. Rd5
$18) (22... Ra8 23. Nb4 $1 Qf4 (23... Qxd4 $2 24. Rxc6 $18) 24. Nxc6 bxc6 (
24... Qxf3 $2 25. Rc3 Qg4+ 26. Rg3 $18) 25. Qxc6 $16) 23. Re1 $16) 20. Ne8 Qd7
(20... Qf4 $1 21. Rxc6 $1 (21. Qc5 Bg4 $1 22. Nd6 (22. Qxd5 Bxf3 23. gxf3 Qxd4
(23... Nxd4 $2 24. Rc8 Nxf3+ 25. Qxf3 $1 Qxf3 26. Nxf6#) 24. Qb3 (24. Qxd4 Nxd4
25. Rc8 Rf8 26. Rd1 Nc6 $1 (26... Nxf3+ $6 27. Kg2 Ne5 28. Rdd8 Ng6 29. Rd7 Ne5
(29... Kh8 30. Nd6 $16) 30. Rxg7+ Kh8 31. Re7 $16) 27. Rd7 (27. Rd6 Ne7 28. Rb8
Nc6 $10) 27... b5 $1 $10) 24... Kf8 $1 $14 (24... Qb4 $2 25. Rxc6 $3 Qxb3 26.
Rc8 $18)) 22... Bxf3 23. gxf3 Qg5+ (23... Qxf3 $5 24. Rc3 Qg4+ 25. Rg3 $1 Qxd4
26. Qxd4 Nxd4 27. Re1 Rf8 28. Re7 g6 29. Rc3 Nb5 30. Nxb5 axb5 31. Rcc7 Rd8 $14
) 24. Kh1 Rf8 $14) 21... bxc6 22. Qd8 Rf8 23. Qxc8 Re7 24. Qxa6 Rfxe8 25. Qxc6
$16) 21. Rfe1 a5 $1 22. Nc7 h6 (22... Qxc7 $4 23. Re8+ $18) 23. Ne6 $1 (23. Nb5
Ra6 24. Qc5 a4 $1 $14 {/\ Ra5}) 23... a4 24. h3 Ra6 25. Qc5 (25. Qb5 $6 Nb8 $1
26. Qxd7 Bxd7 27. Nd8 Rf8 28. Nxb7 Rb6 29. Rc7 Rxb2 $10) 25... Ne7 26. Nf4 Rc6
27. Qa5 Rxc1 $6 (27... Kh7 $142) 28. Rxc1 Kh7 29. Qc5 $1 $16 {/\ Nd5, >< Bc8}
Qf5 (29... Rf8 30. Nxd5 $18) 30. Nxd5 Nxd5 31. Qxc8 Rd7 32. Re1 (32. Qc2 $1
Qxc2 33. Rxc2 Nb4 34. Rc4 Nxa2 35. Rxa4 Nc1 36. Rc4 Nd3 37. b3 $16) 32... Nf4
33. Re8 Ng6 (33... Qb1+ $2 34. Kh2 Qf1 35. Rh8+ Kg6 36. Nh4+ $18) 34. Qc4 $6 (
34. g3 $5 h5 35. h4 $16) 34... h5 35. Qe6 {Zeitnot} (35. Qg8+ Kh6 36. Qh8+ $4
Nxh8 37. Rxh8+ Qh7 $19) (35. Qxa4 $6 Rc7 $132 {/\ Nf4}) 35... Qb1+ $2 {Zeitnot}
(35... Qxe6 $1 36. Rxe6 Nf4 37. Re3 (37. Re4 $6 Nd3 38. Re2 Nc1 $10) (37. Rb6
Ne2+ 38. Kf1 Nxd4 39. Nxd4 Rxd4 40. Rxb7 Rd2 $14) 37... Rc7 $14 {<=>}) 36. Kh2
Rc7 37. Qd5 $1 Kh6 (37... Nf4 38. Qd6 $18) 38. g4 hxg4 39. hxg4 f5 40. Qd6 {
/\ Rh8} 1-0

[Event "Barcelona"]
[Site "Barcelona"]
[Date "1992.05.??"]
[Round "9"]
[White "Lautier, Joel"]
[Black "Romanishin, Oleg M"]
[Result "1-0"]
[WhiteElo "2580"]
[BlackElo "2595"]
[Annotator "Lautier,J"]
[PlyCount "57"]
[EventDate "1992.05.??"]
[EventType "tourn"]
[EventRounds "11"]
[EventCountry "ESP"]
[EventCategory "13"]
[SourceTitle "CBM 030"]
[Source "ChessBase"]
[SourceDate "1992.10.01"]
[SourceVersion "1"]
[SourceVersionDate "1992.10.01"]
[SourceQuality "1"]

1. e4 {Blatny,P} c5 2. c3 d5 3. exd5 Qxd5 4. d4 Nf6 5. Nf3 e6 6. Be3 cxd4 7.
cxd4 Bd7 $5 (7... Be7 8. Nc3 Qd8 $6 (8... Qd6) 9. Bc4 Nc6 10. O-O O-O (10...
Nd5 $2 11. Bxd5 exd5 12. Qb3 O-O 13. Qxd5 Bf6 14. Rfd1 Na5 15. Rac1 Be6 16. Qe4
$18 {Lautier 2580 - I.Sokolov 2630, Corrèze (m/1) 1992}) 11. Ne5 $16) (7... Nc6
{Blatny,P} 8. Nc3 Qd6 9. Be2 (9. Bd3) 9... Be7 10. O-O O-O 11. Rc1 Rd8 12. Qd2
a6 13. Bf4 (13. Rfd1 $142) 13... Qd7 14. Rfd1 Qe8 $1 15. Bc7 $6 Rd7 16. Bb6 Bd8
17. Na4 Nd5 18. Bxd8 Rxd8 19. Bc4 Nce7 $15 {Christensen-Blatny,Gausdal 1992})
8. Nc3 Qa5 9. Bd3 (9. Ne5 $5 Bb4 10. Qd3 Bc6 (10... Nd5 11. Bd2 $14) 11. Nxc6
Nxc6 12. Be2 Rd8 13. O-O O-O (13... e5 14. a3 $14) 14. a3 Be7 15. b4 Qc7 $14) (
9. Be2 Bc6 10. O-O Nbd7 11. a3 Bd6 12. b4 Qd8 13. b5 Bd5 $14) 9... Bc6 10. O-O
Nbd7 11. a3 Bd6 (11... Be7 $142 {Blatny,P}) 12. h3 (12. b4 Qh5 13. h3 Bxf3 14.
Qxf3 Qxf3 15. gxf3 Rc8 (15... Nb6 $6 16. Ne4 Be7 17. Nc5 $16) 16. Rac1 O-O $10)
12... Rc8 13. b4 Qd8 14. Nb5 $2 (14. Rc1 O-O 15. Qe2 $14 {/\ Rfd1, Ne5}) 14...
Bb8 (14... Bxb5 $5 {Blatny,P} 15. Bxb5 O-O {/\Nb6-d5}) 15. Rc1 O-O 16. Nc3 $8 (
16. Qe2 Nd5 $15) 16... Qe7 $6 {/\ Qd6} (16... Qc7 $2 17. Ne2 $1 Qd6 18. Bf4 Qe7
19. Bxb8 Rxb8 20. Ne5 $14) (16... a6 $15 {/\} 17. a4 $2 (17. Bb1 {Blatny,P} Nd5
18. Ng5 $1 $40) 17... Nd5 $17) 17. Ne5 $1 Bd5 $2 (17... Nxe5 $2 18. dxe5 Bxe5
19. Bc5 Bd6 $2 20. Bxd6 Qxd6 21. Bxh7+ $18) (17... Bxe5 $1 18. dxe5 Nxe5 19.
Bc5 Qd7 20. Be2 (20. Bxf8 $2 Nxd3 21. Rc2 Rxf8 22. Rd2 Rd8 23. Re1 e5 $19)
20... Rfd8 21. Bxa7 Nd3 $1 $10 (21... Qc7 $2 22. Nb5 $1 Rxd1 23. Nxc7 Rxf1+ 24.
Bxf1 Rxc7 25. Bb8 $1 $16 Ne8 $2 26. Bxc7 Nxc7 27. b5 $18)) 18. Re1 $1 a5 (18...
Nxe5 19. dxe5 Bxe5 20. Nxd5 (20. Bc5 $1 {Blatny,P} Bd6 21. Bxa7 {/\Bd4+/-})
20... Nxd5 21. Bxa7 $16 (21. Qh5 f5)) 19. Bg5 $1 $16 {/\ Nd5} Qd6 $8 (19...
axb4 $4 {Blatny,P} 20. Nxd5 exd5 21. Rxc8 $1 (21. Ng6 Qxe1+ 22. Qxe1 hxg6 {
+- _|_}) 21... Rxc8 22. Nxd7 Qxd7 23. Bxf6 gxf6 24. Qh5 $18) 20. bxa5 Bc6 $2 (
20... Qxa3 21. Nxd5 exd5 (21... Nxe5 $2 22. Nxf6+ gxf6 23. Bxh7+ $1 Kxh7 24.
Qh5+ Kg7 25. Qh6+ $18) (21... Bxe5 22. Ne7+ $1 (22. Rxc8 Rxc8 23. Nb6 (23. Ne7+
Qxe7 24. dxe5 Qc5) 23... Nxb6 24. dxe5 Qxa5 $8 25. Bxf6 gxf6 26. Bxh7+ $1 Kxh7
27. Qh5+ Kg8 28. Re3 $40) 22... Qxe7 23. dxe5 Rxc1 24. Qxc1 Nc5 25. exf6 gxf6
26. Bxf6 $18) 22. Nxd7 (22. Rxc8 {Blatny,P} Rxc8 23. Bf5 $18) 22... Nxd7 23.
Be7 Qxc1 (23... Rxc1 24. Bxa3 Rxd1 25. Rxd1 Re8 (25... Rd8 26. Rb1 $18) 26. Bb5
Rd8 27. Re1 Nf6 28. Re7 $18) 24. Qxc1 Rxc1 25. Rxc1 Re8 26. Bb5 Rxe7 27. Rc8+
Nf8 28. Rxb8 $16) 21. Qd2 Qxa3 22. Nc4 $1 Qe7 23. d5 $1 Nc5 24. Bb1 $3 {/\ Qc2}
(24. dxc6 Rcd8 (24... Rfd8 {Blatny,P} 25. Re3 Nb3 26. Qb2 Nxc1 27. Qxc1 Rxc6 {
/\Qc7 +/-}) 25. Re3 Nb3 $16) 24... Rfd8 (24... Nb3 $2 {Blatny,P} 25. Qc2 Nxc1 (
25... Bxd5 26. Nxd5) 26. Bxf6 $18) (24... Bd7 {Blatny,P} 25. Qc2 g6 26. d6 Qd8
$8 27. Qb2 $1 {/\Nd5!;Ne4 +-}) 25. Qc2 Be8 26. d6 $1 Bxd6 27. Bxf6 Qxf6 28.
Qxh7+ Kf8 29. Qh8+ {29... Ke7 30.Nd5+-} 1-0